Guess the Fusion Rock Song Lyrics #315 - Statistics

General Stats
  • This quiz has been taken 18 times
  • The average score is 94 of 181
Answer Stats
Answer % Correct
a
100%
I
94%
love
88%
when
88%
an
81%
And
81%
and
81%
be
81%
he
81%
in
81%
me
81%
that
81%
That
81%
to
81%
you
81%
You
81%
don't
75%
for
75%
is
75%
it
75%
it's
75%
not
75%
too
75%
your
75%
But
69%
can't
69%
Now
69%
were
69%
could
63%
have
63%
know
63%
said
63%
Than
63%
Well
63%
Alabama
56%
been
56%
saw
56%
tell
56%
any
50%
at
50%
eyes
50%
nothing
50%
There's
44%
those
44%
long
38%
might
38%
once
38%
ain't
31%
lovers
31%
left
25%
old
25%
other
25%
spark
25%
still
25%
drown
19%
each
19%
longer
19%
before
13%
begin
13%
burning
13%
disguise
13%
ended
13%
flame
13%
makeup
13%
started
13%
strong
13%
stronger
13%
tears
13%
glow
6%
memories
6%
memory
6%
staring
6%
hiding
0%
upset
0%
No matching quizzes found
Score Distribution
Percent of People with Each Score
Percentile by Number Answered
Your Score History
You have not taken this quiz